Social services in rural development: issues concerning their design and delivery. (Record no. 45955)
[ view plain ]
| 000 -LEADER | |
|---|---|
| fixed length control field | 00395nam a2200097Ia 4500 |
| 008 - FIXED-LENGTH DATA ELEMENTS--GENERAL INFORMATION | |
| fixed length control field | 180412s9999||||xx |||||||||||||| ||und|| |
| 040 ## - CATALOGING SOURCE | |
| Original cataloging agency | Ahmadu Bello University Library - Zaria |
| 100 ## - MAIN ENTRY--PERSONAL NAME | |
| Personal name | United Nations. department of International Economic and Social Affairs. |
| 245 #0 - TITLE STATEMENT | |
| Title | Social services in rural development: issues concerning their design and delivery. |
| 260 ## - PUBLICATION, DISTRIBUTION, ETC. | |
| Place of publication, distribution, etc. | New York |
| Name of publisher, distributor, etc. | United Nations |
| Date of publication, distribution, etc. | 1979 |
| 300 ## - PHYSICAL DESCRIPTION | |
| Extent | iv, 35p. |
No items available.